Nursing and midwifery education / (Record no. 4390)

MARC details
000 -LEADER
fixed length control field 00779nam a2200181Ia 4500
020 ## - INTERNATIONAL STANDARD BOOK NUMBER
ISBN 8183242022
020 ## - INTERNATIONAL STANDARD BOOK NUMBER
ISBN 9788183242028
050 ## - CALL NUMBER
Classification number RT14.
Item number .P31 PAN
100 1# - AUTHOR
Personal name Pandey, Rajkumar.
245 10 - TITLE
Title Nursing and midwifery education /
Statement of responsibility, etc Rajkumar Pandey.
260 ## - PUBLICATION INFORMATION
Place of publication New Delhi
300 ## - DESCRIPTION
Number of Pages 264 pages :
Other physical details illustrations ;
Dimensions 23 cm.
500 ## - NOTES
General note Includes index.
505 ## - FORMATTED CONTENTS NOTE
Table of Content Introduction,nursing and Midwifery services,nursing and Midwifery contribution to health,development in nursing and Midwifery education, nursing Care in HIV-related curriculum,HIV infection and nursing Care, cancer nursing, monitoring the patient and recording nursing Care, clinical guidelines
650 #0 - SUBJECTS
Topical Term Nursing
General subdivision Study and teaching.
650 #0 - SUBJECTS
Topical Term Midwifery
General subdivision Study and teaching.
942 ## - ADDED ENTRY ELEMENTS (KOHA)
Koha item type Books
Holdings
Withdrawn status Lost status Home library Current library Shelving location Date acquired Full call number Koha item type Accession Number
    Methodist University Library Wenchi Nursing Methodist University Library Wenchi Nursing General Stacks 12/09/2018 RT14. .P31 PAN Books  
    Methodist University Library Wenchi Nursing Methodist University Library Wenchi Nursing   24/09/2021 RT14. .P31 PAN Books 31191
    Methodist University Library Wenchi Nursing Methodist University Library Wenchi Nursing   24/09/2021 RT14. .P31 PAN Books 31193
    Methodist University Library Wenchi Nursing Methodist University Library Wenchi Nursing   24/09/2021 RT14. .P31 PAN Books 31189
Copyright © 2026  MUG Library